Commentarii in l. si unquam C. de revo. donat. primùm editi anno 1535 nunc verò ab eodem castigati, & ad tertiam propè partem totius operis aucti, iterum editi : in quibus praeter propria[m] ac peculiarem eius l. materiam, disertè multa, in omni disciplinarum genere, et copiosè tractantur: quae tertia post hanc pagina indicabit / Andreae Tiraquelli, olim Fontenaii apud pictones suppraefecti, nunc regii in curia parisiensi senatoris

Detalles Bibliográficos
Autor principal: Tiraqueau, André, 1488-1558
Otros Autores: Roville, Guillaume, 1545-1589, ed
Formato: Libro
Lenguaje:Latin
Publicado: Lugduni : apud Gulielmum Rovillium, 1552.
Materias:
Colección:Banco de datos
Acervo:Universidad Autónoma Benito Juárez de Oaxaca. Biblioteca Francisco de Burgoa. Colección antigua
Descripción Física:[28] h., 559 p. ; f°
Tema general:Derecho civil
Notas:Portada tipográfica con viñeta en grabado xilográfico. Texto a renglón seguido con paginación en números arábigos, reclamos y signaturas. Incluye cabeceras de título con motivos arabescos y historiadas en grabado xilográfico. Incluye capitulares historiadas en grabado xilográfico. Encuadernación en pergamino. Marca de fuego: Casa del Noviciado de la Compañía de Jesús de Oaxaca, Oax. Marca de fuego: Convento de Santo Domingo de Oaxaca, Oax. Rúbrica de Franco
LEADER 01684nam a22001930004500
035 |a 3552 
041 0 |a lat 
100 1 |a Tiraqueau, André, 1488-1558 
245 1 0 |a Commentarii in l. si unquam C. de revo. donat. primùm editi anno 1535 nunc verò ab eodem castigati, & ad tertiam propè partem totius operis aucti, iterum editi : in quibus praeter propria[m] ac peculiarem eius l. materiam, disertè multa, in omni disciplinarum genere, et copiosè tractantur: quae tertia post hanc pagina indicabit / Andreae Tiraquelli, olim Fontenaii apud pictones suppraefecti, nunc regii in curia parisiensi senatoris 
260 |a Lugduni : apud Gulielmum Rovillium, 1552. 
300 |a [28] h., 559 p. ; f° 
500 |a Portada tipográfica con viñeta en grabado xilográfico. Texto a renglón seguido con paginación en números arábigos, reclamos y signaturas. Incluye cabeceras de título con motivos arabescos y historiadas en grabado xilográfico. Incluye capitulares historiadas en grabado xilográfico. Encuadernación en pergamino. Marca de fuego: Casa del Noviciado de la Compañía de Jesús de Oaxaca, Oax. Marca de fuego: Convento de Santo Domingo de Oaxaca, Oax. Rúbrica de Franco 
504 |a Al principio de la obra están el índice particular de cuestiones, índice de glosas, índice de todas las materias y la fe de erratas 
650 1 0 |a Derecho civil 
700 1 |a Roville, Guillaume, 1545-1589, ed. 
852 |a Universidad Autónoma "Benito Juárez" de Oaxaca, Biblioteca Francisco de Burgoa, Colección antigua 9663 
942 |c BURANT 
943 |g Universidad Autónoma Benito Juárez de Oaxaca. Biblioteca Francisco de Burgoa. Colección antigua 
999 |c 1114563  |d 1114563